000 00336nam a22001457a 4500
003 OSt
005 20220214135724.0
008 220214b |||||||| |||| 00| 0 eng d
020 _a8120416937
040 _cHU
082 _23rd
_a627.5
100 _aGhosh
_9539
245 _aFlood Control & Drainage Engineering
942 _2ddc
_cBOOKS
_n0
999 _c30184
_d30184